000 01763nam a2200541 i 4500
001 1434
003 KOSZ 005
005 20200418132303.0
008 021108s1974 pl a f |000 0 pol
015 _aPB 1975/59
035 _a991019773839705066
035 _a(PL-WaBN)b15359803-48omnis_nlop
035 _ab15359803
035 _a(OCoLC)749495297
035 _a(PL)b0000001535980
035 _a(EXLNZ-48OMNIS_NETWORK)9910472231305606
040 _aWA N
_cWA N
_dKOSZ 005/EC
041 0 _apol
046 _k1974
080 _a548
080 _a546.3
080 _a537
100 1 _aSzarras, Stanisław
_eAutor
245 1 0 _aBudowa ciała stałego /
_cStanisław Szarras.
260 _aWarszawa :
_bWydawnictwa Naukowo-Techniczne,
_c1974
_f(Drukarnia im. Rewolucji Październikowej).
300 _a331, [1] s. :
_bil., tab., wykr. ;
_c24 cm.
336 _2rdacontent
_aTekst
_btxt
337 _2rdamedia
_aBez urządzenia pośredniczącego
_bn
338 _2rdacarrier
_aWolumin
_bnc
380 _aKsiążki
380 _aPublikacje dydaktyczne
385 _mPoziom nauczania
_aSzkoły wyższe
388 _a1901-2000
388 _a1945-1989
490 1 _aWykłady Akademickie. Elektronika
504 _aBibliogr.
650 7 _aKrystalografia
_2DBN
650 7 _aPółprzewodniki
_2DBN
655 7 _aPodręczniki akademickie
_2DBN
658 _aFizyka i astronomia
658 _aChemia
650 7 _aMetalografia
_2DBN
710 2 _aWydawnictwa Naukowo-Techniczne
_4pbl
830 0 _aWykłady Akademickie.
_pElektronika
856 _uhttp://koha.tu.koszalin.pl/cgi-bin/koha/opac-detail.pl?biblionumber=1434
_yKatalog online BPK
942 _2UKD
_cKS
999 _c1434
_d1434